000 00630nam a2200205 i 4500
001 38641
003 ES-MaACL
005 20250814033433.0
007 t|
008 030226s1973 sp ||||1| spa d
100 1 _aBurton, Maurice.
_932787
245 1 0 _aAnimales /
_cMaurice Burton ; [traducción: Ramón Margalef].
260 _aMadrid, etc. :
_bDaimon,
_c[1973]
300 _a239 p. :
_bil. ;
_c18 cm.
505 8 _aContiene: 2: Los primeros animales
650 7 _aZoología
_2embne
_917868
700 1 _aMargalef, Ramón,
_d1919-2004
_976608
852 _aES-MaACL
_jC-53075
_bR.85425
999 _c38641
_d38641